Reference manual for UGC examinations : (Record no. 125552)

MARC details
000 -LEADER
fixed length control field 00785nam a22002297a 4500
003 - CONTROL NUMBER IDENTIFIER
control field dpl0
005 - DATE AND TIME OF LATEST TRANSACTION
control field 20180808152153.0
008 - FIXED-LENGTH DATA ELEMENTS--GENERAL INFORMATION
fixed length control field 180713b xxu||||| |||| 00| 0 eng d0
010 ## - LIBRARY OF CONGRESS CONTROL NUMBER
LC control number B-217800
020 ## - INTERNATIONAL STANDARD BOOK NUMBER
Terms of availability 775.00
International Standard Book Number 8188583499
035 ## - SYSTEM CONTROL NUMBER
System control number B-217800,B-217804, B-217802, B-217851, B-217814
037 ## - SOURCE OF ACQUISITION
Source of stock number/acquisition Cen Lib/Ret
040 ## - CATALOGING SOURCE
Original cataloging agency DPL
Language of cataloging EN
Transcribing agency 0
082 ## - DEWEY DECIMAL CLASSIFICATION NUMBER
Classification number 301
Item number REF
245 ## - TITLE STATEMENT
Title Reference manual for UGC examinations :
Remainder of title NET,SLET,JRF and other UPSC competitive tests : Sociology /
260 ## - PUBLICATION, DISTRIBUTION, ETC. (IMPRINT)
Place of publication, distribution, etc New Delhi
Name of publisher, distributor, etc Reference Press
Date of publication, distribution, etc 2004
270 ## - ADDRESS
City New Delhi
Address 4831/24, Ansari Road, Daryaganj
Postal code 110002
300 ## - PHYSICAL DESCRIPTION
Extent 399p. :
Dimensions 20cm(Hb)
650 ## - SUBJECT ADDED ENTRY--TOPICAL TERM
Topical term or geographic name as entry element History and Development of Society
9 (RLIN) 14741
650 ## - SUBJECT ADDED ENTRY--TOPICAL TERM
Topical term or geographic name as entry element Formation of Society
9 (RLIN) 14742
942 ## - ADDED ENTRY ELEMENTS (KOHA)
Source of classification or shelving scheme Dewey Decimal Classification
Koha item type English Books
Classification part 301
Call number suffix REF
Holdings
Withdrawn status Lost status Damaged status Not for loan Collection code Home library Current library Date acquired Source of acquisition Cost, normal purchase price Total Checkouts Full call number Barcode Date last seen Copy number Cost, replacement price Price effective from Koha item type Source of classification or shelving scheme
      Not For Loan Reference Central Library Central Library 22/06/2015 Cen Lib/Ret 775.00   301 REF B-217800 22/06/2015 1 775.00 22/06/2015 English Books  
        Non-fiction Patel Nagar Patel Nagar 26/07/2018 BPPD/PUB 775.00   301 REF B-217802 26/07/2018   775.00 26/07/2018 English Books Dewey Decimal Classification
        Non-fiction Shahdara Branch Shahdara Branch 08/08/2018 BPPD/PUB 775.00   301 REF B-217814 08/08/2018   775.00 08/08/2018 English Books Dewey Decimal Classification
        Non-fiction Tri Nagar Tri Nagar 13/07/2018 BPPD/pub 775.00   301 REF B-217804 13/07/2018 1 775.00 13/07/2018 English Books Dewey Decimal Classification

© Delhi Public Library
Hit Counter
free hit counter